000 00416 a2200145 4500
245 _aIridology
_b : a patient's guide
_hprint
020 _a0722515162
700 _aColton, James
700 _aColton, Sheelagh
650 _aProgramming
005 20191017173723.0
260 _aenk
_bThorsons Pub. Group
_c1988
084 _aRC73.5 .C64 1988
300 _a96 p. : ill.
_b 20 cm.
_c96 p. : ill. ; 20 cm.
500 _aJames and Sheelagh Colton.
999 _c10645
_d10645